Sets of Four Someones Quiz Stats

Quiz not verified by Sporcle

Challenge
Share
Tweet
Embed
Score 0/25 Timer 04:00
0 Plays Today
% Correct
Inventors
95.7%
Friends Characters
95.7%
Chefs
95.7%
The Beatles
94.6%
US Presidents
94.6%
Actors
94.6%
Looney Tunes Characters
94.6%
Disney Princesses
93.5%
Harry Potter Characters
93.5%
Rappers
93.5%
Basketball Players
93.5%
Painters
93.5%
Authors
93.5%
% Correct
American Idol Judges
93.5%
Superheroes
92.4%
Cats
92.4%
Composers
92.4%
Philosophers
92.4%
UK Prime Ministers
91.3%
Spice Girls
90.2%
French People
90.2%
Frozen Characters
90.2%
The Simpsons Characters
89.1%
Disciples of Jesus
89.1%
Baseball Players
88%

You're not logged in!

Compare scores with friends on all Sporcle quizzes.
Join for Free
OR
Log In

You Might Also Like...

Show Comments

Extras

Top Quizzes Today


Score Distribution

Your Account Isn't Verified!

In order to create a playlist on Sporcle, you need to verify the email address you used during registration. Go to your Sporcle Settings to finish the process.

Report this User

Report this user for behavior that violates our Community Guidelines.

Details: